African Countries Sudden Death - The Whopper - Statistics

General Stats
  • This quiz has been taken 98 times
  • The average score is 36 of 54
Answers on the Grid
Answers color-coded by a green-red scale on the quiz's grid according to % correct below.
Abyei
African Republican Union
Agadez
Algeria
Angola
Azawad
Bakassi
Bantustan
Barbados
Benin
Bir Tawil
Botswana
Bujumbura
Burkina Faso
Burundi
Cabinda
Cameroon
Canary Islands
Cape Verde
Central African Republic
Chad
Comoros
Democratic Republic of the Congo
Democratic Republic of the Nile
Djibouti
Egypt
Equatorial Guinea
Eritrea
Eswatini
Ethiopia
Gabon
Gambia
Ghana
Guinea
Guinea-Bissau
Guyana
Independent Republic of the Congo
Iraq
Ivory Coast
Jubaland
Kenya
Kinshasa
Kisangi
Kivu
Kuwait
Lagos
Lebanon
Lesotho
Liberia
Libya
Luanda
Madagascar
Malawi
Mali
Matabeleland
Mauritania
Mauritius
Mogadishu
Mombasa
Morocco
Mozambique
Namibia
Niger
Nigeria
North Egypt
Nyika
Oromia
Papua New Guinea
People's Republic of the Congo
Republic of the Congo
Réunion
Rwanda
Saint Helena
São Tomé and Príncipe
Savannah
Senegal
Seychelles
Sierra Leone
Somalia
South Africa
South Sudan
Sri Lanka
Sudan
Swakopmund
Tanzania
Tigray
Togo
Tripoli
Tunisia
Tuvalu
Uganda
Ukora
United African States
Xhosa
Zaire
Zambia
Zanzibar
Zimbabwe
Zulu
 
Answer Stats
Answer % Correct
Algeria
93%
Angola
89%
Benin
79%
Botswana
77%
Cameroon
77%
Cape Verde
77%
Burundi
75%
Chad
75%
Djibouti
75%
Eritrea
75%
Gabon
75%
Burkina Faso
74%
Ethiopia
74%
Egypt
72%
Ghana
72%
Central African Republic
72%
Democratic Republic of the Congo
72%
Eswatini
70%
Gambia
70%
Equatorial Guinea
68%
Guinea
68%
Somalia
68%
Comoros
65%
Niger
65%
Kenya
63%
Liberia
63%
Mozambique
63%
Nigeria
63%
Senegal
63%
South Sudan
63%
Tanzania
63%
Uganda
63%
Zambia
63%
Guinea-Bissau
61%
Ivory Coast
61%
Madagascar
61%
Mali
61%
Morocco
61%
Rwanda
61%
Seychelles
61%
South Africa
61%
Tunisia
61%
Zimbabwe
61%
Namibia
60%
Sierra Leone
60%
Sudan
60%
Libya
58%
Malawi
58%
Mauritius
58%
Togo
56%
Lesotho
54%
Mauritania
54%
São Tomé and Príncipe
54%
Republic of the Congo
53%
No matching quizzes found
Score Distribution
Percent of People with Each Score
Percentile by Number Answered
Your Score History
You have not taken this quiz